IP v6 bakalárska práca

Gespeichert in:
Bibliographische Detailangaben
1. Verfasser: Šrámková, Petra
Körperschaft: Fakulta hospodárskej informatiky EU. Katedra aplikovanej informatiky
Weitere Verfasser: Schmidt, Peter, 1968-
Format: Buch
Sprache:Slowakisch
Veröffentlicht: Bratislava 2017
Tags: Tag hinzufügen
Keine Tags, Fügen Sie das erste Tag hinzu!

MARC

LEADER 00000nbm a2200000 4500
001 0233040
005 20180413145958.3
041 0 |a slo 
044 |a SK 
245 1 0 |a IP v6  |b bakalárska práca  |c Petra Šrámková ; školiteľ: Peter Schmidt 
264 1 |a Bratislava  |c 2017 
300 |a 55 s. 
100 1 |a Šrámková, Petra 
700 1 |a Schmidt, Peter, 1968- 
710 2 |a Fakulta hospodárskej informatiky EU. Katedra aplikovanej informatiky